|
|
|
|
| LEADER |
00949nam a2200253 i 4500 |
| 001 |
c000235493 |
| 003 |
CARM |
| 005 |
00000000000000.0 |
| 008 |
840229s1975 mau 0 eng d |
| 019 |
1 |
|
|a 380040
|5 LACONCORD2021
|
| 020 |
|
|
|a 0669993581
|
| 035 |
|
|
|a (OCoLC)1273351
|5 LACONCORD2021
|
| 082 |
0 |
4 |
|a 301.31
|
| 245 |
0 |
0 |
|a Policy sciences and population /
|c edited by Warren F. Ilchman ... [et al].
|
| 260 |
|
|
|a Lexington, Mass. :
|b Lexington Books,
|c [1975].
|
| 300 |
|
|
|a vi, 305 p. :
|b ill. ;
|c 24 cm.
|
| 504 |
|
|
|a Includes bibliographies and index.
|
| 650 |
|
0 |
|a Population policy.
|
| 650 |
|
0 |
|a Policy sciences.
|
| 651 |
|
0 |
|a Developing countries
|x Population.
|
| 700 |
1 |
|
|a Ilchman, Warren Frederick.
|
| 852 |
8 |
|
|b CARM
|h A2:AR07F0
|i C08636
|p 0325494
|f BK
|
| 999 |
f |
f |
|i a015de20-4110-56cc-9fdb-57c4e8101c9f
|s 3bd61c29-a985-5452-8997-0987fc675bc3
|
| 952 |
f |
f |
|p Can circulate
|a CAVAL
|b CAVAL
|c CAVAL
|d CARM 1 Store
|e C08636
|f A2:AR07F0
|h Other scheme
|i book
|m 0325494
|